Borbone di Spagna - Statistics

Statistiche generali
  • Questo quiz è stato fatto 56 volte
  • Il punteggio medio è 8 su 10
Statistiche sulle risposte
Anni di regno Sovrano % Corretto
1759-1788 Carlo III
98%
1788-1808 Carlo IV
98%
1700-1724|1724-1746 Filippo V
98%
2014- Filippo VI
98%
1975-2014 Juan Carlos I
83%
1746-1759 Ferdinando VI
74%
1808|1813-1833 Ferdinando VII
74%
1874-1885 Alfonso XII
61%
1886-1931 Alfonso XIII
61%
1833-1874 Isabella II
59%
Nessun quiz corrispondente trovato
Distribuzione punteggi
Percentuale di utenti per punteggio
Percentile per numero di risposta
I tuoi punteggi nel tempo
Non hai fatto questo quiz